Factores protectores y de riesgos que influyen en el consumo de sustancias psicoactivas en adolescentes de un barrio de la localidad 2 de Cartagena (Colombia) 2019 / (Registro nro. 4024)
[ vista simple ]
| 000 -LEADER | |
|---|---|
| fixed length control field | 01786nam a2200313 4500 |
| 001 - CONTROL NUMBER | |
| control field | 0000100122 |
| 005 - DATE AND TIME OF LATEST TRANSACTION | |
| control field | 20250329165434.0 |
| 008 - FIXED-LENGTH DATA ELEMENTS--GENERAL INFORMATION | |
| fixed length control field | 190730s2019 000 0 eng d |
| 040 ## - CATALOGING SOURCE | |
| Original cataloging agency | CO-CtgCURN |
| Language of cataloging | spa |
| Transcribing agency | coctgcurn |
| 041 0# - LANGUAGE CODE | |
| Language code of text/sound track or separate title | spa |
| 082 0# - DEWEY DECIMAL CLASSIFICATION NUMBER | |
| Classification number | ENF 2019 |
| Item number | B456 |
| 100 1# - MAIN ENTRY--PERSONAL NAME | |
| Personal name | Benavides Coneo, Emelyn Patricia. |
| 245 10 - TITLE STATEMENT | |
| Title | Factores protectores y de riesgos que influyen en el consumo de sustancias psicoactivas en adolescentes de un barrio de la localidad 2 de Cartagena (Colombia) 2019 / |
| Statement of responsibility, etc. | Emelyn Patricia Benavides Coneo; Madeleine Fortich Santoya; Gilma Rosa Romero Solano; Oscar Luis Torres Torres; Asesora: Diana Marsiglia Lopez. |
| 260 ## - PUBLICATION, DISTRIBUTION, ETC. | |
| Place of publication, distribution, etc. | Cartagena de Indias : |
| Name of publisher, distributor, etc. | Corporación Universitaria Rafael Núñez, |
| Date of publication, distribution, etc. | 2019. |
| 300 ## - PHYSICAL DESCRIPTION | |
| Extent | 129 Hojas. |
| 336 ## - CONTENT TYPE | |
| Source | rdacontent |
| Content type term | text |
| Content type code | txt |
| 337 ## - MEDIA TYPE | |
| Source | rdacarrier |
| Media type term | sin mediacion |
| Media type code | n |
| 338 ## - CARRIER TYPE | |
| Source | rdacarrier |
| Carrier type term | volumen |
| Carrier type code | nc |
| 502 ## - DISSERTATION NOTE | |
| Dissertation note | Trabajo de grado (Enfermeria). Corporacion Universitaria Rafael Nuñez. Facultad de Ciencias de la salud. Enfermeria, 2019. |
| 520 ## - SUMMARY, ETC. | |
| Summary, etc. | El consumo de sustancias psicoactivas es una problemática ampliamente difundida con efectos nocivos en la salud, especialmente cuando se presenta en adolescentes, pues son individuos en pleno desarrollo fsico y psicológico. |
| 650 #0 - SUBJECT ADDED ENTRY--TOPICAL TERM | |
| Topical term or geographic name entry element | Enfermeria |
| Form subdivision | Tesis y disertaciones academicas. |
| 700 1# - ADDED ENTRY--PERSONAL NAME | |
| Personal name | Fortich Santoya, Madeleine. |
| 700 1# - ADDED ENTRY--PERSONAL NAME | |
| Personal name | Romero Solano, Gilma Rosa. |
| 700 1# - ADDED ENTRY--PERSONAL NAME | |
| Personal name | Torres Torres, Oscar Luis. |
| 700 1# - ADDED ENTRY--PERSONAL NAME | |
| Personal name | Marsiglia López, Diana, |
| Relator term | directora. |
| 856 ## - ELECTRONIC LOCATION AND ACCESS | |
| Uniform Resource Identifier | <a href="https://unicurn.sharepoint.com/:b:/s/biblioteca/EZ2veJyIn3FJgTvQCXdvg18Bu_uxabnD5mt2gx9993ttlA?e=CACIcH">https://unicurn.sharepoint.com/:b:/s/biblioteca/EZ2veJyIn3FJgTvQCXdvg18Bu_uxabnD5mt2gx9993ttlA?e=CACIcH</a> |
| Public note | Click aqui para ver el recurso en texto completo |
| 942 ## - ADDED ENTRY ELEMENTS (KOHA) | |
| Koha item type | Trabajos de grado |
| Classification part | ENF 2019 |
| Item part | B456 |
| Withdrawn status | Lost status | Source of classification or shelving scheme | Damaged status | Not for loan | Collection | Home library | Current library | Shelving location | Date acquired | Source of acquisition | Cost, normal purchase price | Inventory number | Total checkouts | Full call number | Barcode | Date last seen | Price effective from | Koha item type |
|---|---|---|---|---|---|---|---|---|---|---|---|---|---|---|---|---|---|---|
| Dewey Decimal Classification | Trabajos de grado | Miguel Henríquez Emiliani | Miguel Henríquez Emiliani | Trabajo de grado | 07/23/2019 | el autor | 35000.00 | 022855 | ENF 2019 B456 | 022855 | 07/23/2019 | 07/23/2019 | Trabajos de grado |